000 00349nam a22001457a 4500
008 240318b ||||| |||| 00| 0 eng d
020 _a0124042503
041 _aeng
080 _21975 VOLUME 116
_a621
082 _a621KEO
100 _a19
101 _aIE
245 _aAN NITRODUCTION TO GROUP REPRESENTATION THEORY
_cR.KEOWN
942 _2udc
_cBK
999 _c60614
_d60614